[Event "Novorossiysk"]
[Site "Novorossiysk"]
[Date "1995.??.??"]
[Round "?"]
[White "Nadyrhanov, Sergey"]
[Black "Daniliuk, Sergey"]
[Result "1-0"]
[WhiteElo "2490"]
[BlackElo "2390"]
[PlyCount "77"]
[EventDate "1995.??.??"]
[EventType "tourn"]
[EventRounds "11"]
[EventCountry "RUS"]
[EventCategory "5"]
[SourceTitle "EXT 1997"]
[Source "ChessBase"]
[SourceDate "1996.11.15"]
[SourceVersion "1"]
[SourceVersionDate "1996.11.15"]
[SourceQuality "1"]

1. e4 e5 2. Nf3 Nc6 3. Bc4 Bc5 4. Nc3 Nf6 5. d3 d6 6. Bg5 Na5 7. Bb3 c6 8. d4 Nxb3 9. axb3 exd4 10. Nxd4 h6 11. Bh4 g5 12. Bg3 Ng4 13. Qd2 Qf6 14. 0-0-0 Bb4 15. h4 Rg8 16. Kb1 Bd7 17. f3 Ne5 18. Nd5 cxd5 19. Qxb4 0-0-0 20. hxg5 hxg5 21. exd5 Kb8 22. f4 gxf4 23. Bh4 Qg6 24. Bxd8 Rxd8 25. Rdf1 Rc8 26. Rxf4 Rc5 27. Rh8+ Kc7 28. Qd2 Rxd5 29. Qf2 Qg5 30. Rh1 a6 31. Rd1 Qg6 32. Rd2 Kc8 33. Nf3 Rxd2 34. Nxd2 Bc6 35. g3 Qh5 36. Nc4 Qd1+ 37. Ka2 Nxc4 38. bxc4 Be8 39. Rd4 1-0

[Event "RUS-ch sf"]
[Site "Bryansk"]
[Date "1995.??.??"]
[Round "6"]
[White "Poluljahov, Aleksandr"]
[Black "Daniliuk, Sergey"]
[Result "1/2-1/2"]
[WhiteElo "2460"]
[BlackElo "2390"]
[PlyCount "68"]
[EventDate "1995.??.??"]
[EventType "swiss"]
[EventRounds "9"]
[EventCountry "RUS"]
[SourceTitle "EXT 1998"]
[Source "ChessBase"]
[SourceDate "1997.11.17"]
[SourceVersion "1"]
[SourceVersionDate "1997.11.17"]
[SourceQuality "1"]

1. Nf3 d5 2. c4 c6 3. d4 Nf6 4. Nc3 g6 5. cxd5 cxd5 6. Bg5 Ne4 7. e3 Nxg5 8. Nxg5 e6 9. f4 Nc6 10. Bd3 Bd7 11. Rc1 Be7 12. Nf3 Rc8 13. 0-0 f5 14. h3 0-0 15. g4 Na5 16. b3 Ba3 17. Rc2 Qe7 18. gxf5 gxf5 19. Rg2+ Kh8 20. Ne2 Rg8 21. Rff2 Nc6 22. Kh2 Rxg2+ 23. Rxg2 Rg8 24. Rxg8+ Kxg8 25. Ne5 Nxe5 26. fxe5 Qg5 27. Nf4 Bf8 28. Qc2 h5 29. Qc7 h4 30. Qxd7 Qg3+ 31. Kh1 Qe1+ 32. Kg2 Qg3+ 33. Kh1 Qe1+ 34. Kg2 Qg3+ 1/2-1/2